| 000 | 01065nam a22002537a 4500 | ||
|---|---|---|---|
| 005 | 20170124102933.0 | ||
| 010 | _aB-023444 | ||
| 020 | _c100.00 | ||
| 035 | _aB-023444 | ||
| 037 | _bCen Lib/Ret | ||
| 040 |
_aDPL _bHN |
||
| 082 |
_a822 _bअग्रवा |
||
| 100 |
_aअग्रवाल, गिरिराजशरण _943015 |
||
| 245 |
_aबचों के हास्य नाटक / _cगिरिराजशरण अग्रवाल |
||
| 246 |
_aBachon ke hasya natak / _bby Giriraj Sharan Agrawal |
||
| 260 |
_aबिजनोर _bहिन्दी साहित्य निकेतन _c1999 |
||
| 270 |
_a१६, साहित्य विहार _bबिजनोर _e246701 |
||
| 300 |
_a140पृ. : _c19सेमी (सजिल्द) _bसचित्र |
||
| 650 |
_aहिन्दी साहित्य _945708 |
||
| 650 |
_aहास्य नाटक _945709 |
||
| 650 |
_aHindi literature _945710 |
||
| 650 |
_aComedy act _945711 |
||
| 942 |
_2ddc _cHN _h822 _mअग्रवा |
||
| 999 |
_c112065 _d112065 |
||